00696nam a2200205 a 450000100060000000300090000600800410001502000170005604000280007308200150010110000210011624500300013726000240016730000100019150502160020165000180041765000220043565000220045765000110047923043CO-ViMGA141112s2004 ck r 000 u spa d a978844943277 aCO-ViMGAbspacCO-ViMGA04a613.2 G7151 aRamòn, Rodolfo10aEl gran libro de la salud aEspaña : bOceano a992p. aQue es la medicina naturista?, Que es la enfermedad?, La fiebre, Una buena digestion, Somos los que comemos, Respirara es vivir, Fortalecer las defensas, Recetas, Correr, Gimnasia en casa, La electroestimulacion14aALIMENTACION 14aEJERCICIO FISICO 14aMEDICINA NATURAL 14aSALUD